A "titkos levelezés" szerepe a 17. századi Habsburg-oszmán diplomáciában

For the Habsburg Monarchy it was very important to collect and evaluate up-to-date information on the Ottoman Empire. It became necessary in the 1620s to organize, alongside couriers and other channels of correspondence, a cost-effective and sustainable system with which to transmit news and, in par...

Teljes leírás

Elmentve itt :
Bibliográfiai részletek
Szerző: Szabados János
Dokumentumtípus: Cikk
Megjelent: SZTE BTK Történeti Intézet Szeged 2024
Sorozat:Acta Universitatis Szegediensis : acta historica 148
Kulcsszavak:Diplomácia - Habsburg-oszmán - 17. sz., Diplomáciai kapcsolatok - Habsburg-oszmán - 17. sz., Levelezés - Habsburg-oszmán - 17. sz.
Tárgyszavak:
Online Access:http://acta.bibl.u-szeged.hu/87144
LEADER 01609nab a2200229 i 4500
001 acta87144
005 20250417160531.0
008 250417s2024 hu o 000 hun d
022 |a 2676-9832 
040 |a SZTE Egyetemi Kiadványok Repozitórium  |b hun 
041 |a hun 
041 |a eng 
100 1 |a Szabados János 
245 1 2 |a A "titkos levelezés" szerepe a 17. századi Habsburg-oszmán diplomáciában  |h [elektronikus dokumentum] /  |c  Szabados János 
260 |a SZTE BTK Történeti Intézet  |b Szeged  |c 2024 
300 |a 229-243 
490 0 |a Acta Universitatis Szegediensis : acta historica  |v 148 
520 3 |a For the Habsburg Monarchy it was very important to collect and evaluate up-to-date information on the Ottoman Empire. It became necessary in the 1620s to organize, alongside couriers and other channels of correspondence, a cost-effective and sustainable system with which to transmit news and, in part, intelligence. In this essay, I present the “institution” known as the “Secret Correspondence” and the history of the organization and reorganizations of the system. I also establish a typology of the people involved in the correspondence. In the first half of the seventeenth century the “Secret Correspondence” had to be reorganized several times. 
650 4 |a Bölcsészettudományok 
650 4 |a Történettudomány és régészet 
695 |a Diplomácia - Habsburg-oszmán - 17. sz., Diplomáciai kapcsolatok - Habsburg-oszmán - 17. sz., Levelezés - Habsburg-oszmán - 17. sz. 
856 4 0 |u http://acta.bibl.u-szeged.hu/87144/1/historica_148_229-243.pdf  |z Dokumentum-elérés